[Event "Amsterdam Chess Tournament 2005"]
[Site "Amsterdam NED"]
[Date "2005.07.16"]
[Round "1.33"]
[White "Jonkman, Harmen"]
[Black "Koehler, Aran"]
[Result "1-0"]
[WhiteElo "2454"]
[BlackElo "2223"]
[PlyCount "55"]
[EventDate "2005.07.16"]
[EventType "tourn"]
[EventRounds "9"]
[EventCountry "NED"]
[Source "lmi"]
[SourceDate "2005.07.25"]

1. e4 c6 2. d4 d5 3. Nd2 dxe4 4. Nxe4 Bf5 5. Ng3 Bg6 6. h4 h6 7. Nf3 Nd7 8. h5
Bh7 9. Bd3 Ngf6 10. Bxh7 Nxh7 11. Qe2 e6 12. Bd2 Be7 13. O-O-O a5 14. Ne5 O-O
15. f4 a4 16. Ne4 a3 17. b3 Nhf6 18. Nf2 Qb6 19. g4 Qxd4 20. c3 Qa7 21. g5 hxg5
22. h6 Nxe5 23. fxe5 Nd5 24. hxg7 Kxg7 25. Rdg1 Nxc3 26. Qh5 Nxa2+ 27. Kb1 Nc3+
28. Ka1 1-0

[Event "Amsterdam Chess Tournament 2005"]
[Site "Amsterdam NED"]
[Date "2005.07.16"]
[Round "1.34"]
[White "Wunnink, Michael"]
[Black "Bosboom, Manuel"]
[Result "1-0"]
[WhiteElo "2223"]
[BlackElo "2419"]
[PlyCount "81"]
[EventDate "2005.07.16"]
[EventType "tourn"]
[EventRounds "9"]
[EventCountry "NED"]
[Source "lmi"]
[SourceDate "2005.07.25"]

1. e4 c5 2. Nf3 d6 3. d4 cxd4 4. Nxd4 Nf6 5. Nc3 a6 6. Be3 e6 7. f3 h5 8. Qd2
Nbd7 9. O-O-O b5 10. Bg5 Bb7 11. Kb1 Be7 12. h4 Rc8 13. Bd3 Ne5 14. Rhe1 O-O
15. Nce2 Qb6 16. Be3 Qc7 17. Bg5 Rfe8 18. Ng3 g6 19. f4 Nc4 20. Bxc4 bxc4 21.
Qc3 Ng4 22. f5 e5 23. Nf3 Bf8 24. Bc1 Qb6 25. fxg6 fxg6 26. Ng5 Rc7 27. Rf1 Bg7
28. a3 a5 29. Qd2 Rd7 30. Qe2 d5 31. exd5 c3 32. d6 Rc8 33. Qd3 e4 34. N3xe4
cxb2 35. Bd2 Ne5 36. Qb3+ Qxb3 37. cxb3 a4 38. Bc3 Rxc3 39. Nxc3 Ng4 40. Nxa4
Ne3 41. Rfe1 1-0

[Event "Amsterdam Chess Tournament 2005"]
[Site "Amsterdam NED"]
[Date "2005.07.16"]
[Round "1.35"]
[White "Ansell, Simon"]
[Black "Visser, Henk-Jan"]
[Result "0-1"]
[WhiteElo "2407"]
[BlackElo "2221"]
[PlyCount "106"]
[EventDate "2005.07.16"]
[EventType "tourn"]
[EventRounds "9"]
[EventCountry "NED"]
[Source "lmi"]
[SourceDate "2005.07.25"]

1. e4 c5 2. Nf3 d6 3. c3 Nf6 4. Be2 Nbd7 5. d3 b6 6. Nbd2 Bb7 7. O-O g6 8. d4
Bg7 9. e5 dxe5 10. dxe5 Nd5 11. e6 fxe6 12. Ng5 Nc7 13. Bf3 Bd5 14. Qc2 Ne5 15.
Rd1 h6 16. Bxd5 exd5 17. f4 Nf7 18. Nxf7 Kxf7 19. f5 g5 20. Nf3 Bf6 21. Qe2 Qd6
22. Nd2 Qc6 23. Qh5+ Kf8 24. Nf1 Re8 25. Ne3 Rd8 26. Qf3 Kg7 27. h4 Rd6 28. Ng4
d4 29. Qxc6 Rxc6 30. Nxf6 Kxf6 31. cxd4 Rd8 32. hxg5+ hxg5 33. Be3 Rcd6 34.
Rac1 Nb5 35. g4 Nxd4 36. Kg2 e6 37. b4 Nxf5 38. Rf1 cxb4 39. Rc7 Rd3 40. Bf2
Rd2 41. gxf5 Rxa2 42. fxe6 Kxe6 43. Re1+ Kf5 44. Rf7+ Kg6 45. Ree7 b3 46. Kh3
Rh8+ 47. Kg3 b2 48. Rg7+ Kh6 49. Be3 b1=Q 50. Bxg5+ Kh5 51. Be3 Qe1+ 52. Kf3
Qe2+ 53. Ke4 Ra4+ 0-1

[Event "Amsterdam Chess Tournament 2005"]
[Site "Amsterdam NED"]
[Date "2005.07.16"]
[Round "1.36"]
[White "Blanchard, Jack"]
[Black "Peng, Zhaoqin"]
[Result "0-1"]
[WhiteElo "2219"]
[BlackElo "2405"]
[PlyCount "98"]
[EventDate "2005.07.16"]
[EventType "tourn"]
[EventRounds "9"]
[EventCountry "NED"]
[Source "lmi"]
[SourceDate "2005.07.25"]

1. d4 Nf6 2. c3 e6 3. Bg5 c5 4. e3 cxd4 5. exd4 Be7 6. Nf3 O-O 7. Bxf6 Bxf6 8.
Bd3 b6 9. Qe2 Bb7 10. Nbd2 d6 11. O-O Nd7 12. Ne4 Be7 13. Rfe1 a6 14. a4 Re8
15. Rad1 h6 16. Ra1 Qc7 17. Bc2 Bd5 18. Bd3 Bb7 19. Bc2 Bf8 20. Qd3 f5 21. Ned2
Nf6 22. Bb3 Qf7 23. Qc2 Nd5 24. Bc4 Bc6 25. Bf1 b5 26. axb5 axb5 27. Rxa8 Rxa8
28. g3 Qd7 29. Bg2 Be7 30. Nf1 Bf6 31. N3d2 Re8 32. Ne3 Nxe3 33. Rxe3 Bxg2 34.
Kxg2 e5 35. dxe5 dxe5 36. Kg1 e4 37. f3 Qa7 38. Kf2 exf3 39. Qd3 Bg5 40. Nf1
Bxe3+ 41. Nxe3 Qc5 42. Kxf3 Qc6+ 43. Kf2 g6 44. Qd4 Qe4 45. Qd2 Kf7 46. Nf1 Qc4
47. Ne3 Qe6 48. Qd4 Re7 49. Qf4 Qb3 0-1

[Event "Amsterdam Chess Tournament 2005"]
[Site "Amsterdam NED"]
[Date "2005.07.16"]
[Round "1.37"]
[White "Burg, Twan"]
[Black "Baquero, Luis A"]
[Result "1-0"]
[WhiteElo "2218"]
[BlackElo "2301"]
[PlyCount "65"]
[EventDate "2005.07.16"]
[EventType "tourn"]
[EventRounds "9"]
[EventCountry "NED"]
[Source "lmi"]
[SourceDate "2005.07.25"]

1. e4 e5 2. Nf3 Nc6 3. d4 exd4 4. Nxd4 Nf6 5. Nxc6 bxc6 6. e5 Qe7 7. Qe2 Nd5 8.
c4 Ba6 9. Qe4 Nf6 10. Qe2 Nd5 11. Qe4 Nb4 12. Nc3 g6 13. f4 f5 14. Qb1 d6 15.
a3 dxe5 16. axb4 exf4+ 17. Kd1 Rd8+ 18. Kc2 Qe1 19. Rxa6 Bxb4 20. Bxf4 Qf2+ 21.
Ne2 O-O 22. Qc1 Rfe8 23. Kb1 Re4 24. Bg3 Qc5 25. Nc3 Bxc3 26. Qxc3 Rd1+ 27. Ka2
f4 28. Qc2 Qd4 29. Bf2 Re3 30. Bxe3 fxe3 31. Ra3 Rd2 32. Qc3 Qe4 33. Qxe3 1-0

[Event "Amsterdam Chess Tournament 2005"]
[Site "Amsterdam NED"]
[Date "2005.07.16"]
[Round "1.38"]
[White "Spence, David"]
[Black "Bellin, Robert"]
[Result "1/2-1/2"]
[WhiteElo "2218"]
[BlackElo "2399"]
[PlyCount "95"]
[EventDate "2005.07.16"]
[EventType "tourn"]
[EventRounds "9"]
[EventCountry "NED"]
[Source "lmi"]
[SourceDate "2005.07.25"]

1. e4 c5 2. c3 e6 3. d4 d5 4. e5 Nc6 5. Nf3 Bd7 6. Be3 Qb6 7. Qd2 cxd4 8. cxd4
Rc8 9. Nc3 Na5 10. Bd3 Nc4 11. Bxc4 Rxc4 12. O-O Bb4 13. Rfc1 Qa5 14. Qe1 Ne7
15. a3 Bxc3 16. Rxc3 Qb5 17. b3 Rxc3 18. Qxc3 O-O 19. Qc5 Qxc5 20. dxc5 Nc6 21.
Bd2 f6 22. Re1 Rc8 23. b4 Kf7 24. g4 a6 25. g5 fxg5 26. Nxg5+ Kg6 27. f4 Nd4
28. Kf2 h6 29. Nf3 Nb5 30. Rg1+ Kf7 31. Ra1 Rf8 32. Ke3 Kg8 33. a4 Na7 34. Bc3
Rf5 35. h4 Rh5 36. Be1 Rf5 37. Bc3 Rh5 38. Be1 Rf5 39. Bc3 Rf8 40. Nd4 Nc6 41.
Nxc6 Bxc6 42. a5 Rf5 43. Rg1 Kh7 44. Bd2 Rh5 45. Be1 Rf5 46. Bc3 Rh5 47. Be1
Rf5 48. Bd2 1/2-1/2

[Event "Amsterdam Chess Tournament 2005"]
[Site "Amsterdam NED"]
[Date "2005.07.16"]
[Round "1.40"]
[White "Riemens, Albert"]
[Black "Dambacher, Martyn"]
[Result "0-1"]
[WhiteElo "2210"]
[BlackElo "2388"]
[PlyCount "72"]
[EventDate "2005.07.16"]
[EventType "tourn"]
[EventRounds "9"]
[EventCountry "NED"]
[Source "lmi"]
[SourceDate "2005.07.25"]

1. e4 c5 2. c3 d5 3. exd5 Qxd5 4. d4 Nf6 5. Nf3 e6 6. Be3 cxd4 7. cxd4 Bb4+ 8.
Nc3 O-O 9. Bd3 b6 10. O-O Bxc3 11. bxc3 Ba6 12. Bxa6 Nxa6 13. Qa4 Nb8 14. c4
Qb7 15. Rab1 Nbd7 16. h3 Rfc8 17. Rfc1 Rc6 18. Ne5 Nxe5 19. dxe5 Nd7 20. c5
Nxe5 21. cxb6 Rxc1+ 22. Rxc1 axb6 23. Qb5 f6 24. f4 Qe4 25. Bxb6 Qxf4 26. Rc2
Qg3 27. Bf2 Qd3 28. Qc5 Qd7 29. Bg3 Ng6 30. Bf2 e5 31. Qc4+ Qf7 32. Qb4 Nf4 33.
Be3 Nxh3+ 34. Kh2 Nf4 35. Bxf4 Qh5+ 36. Kg3 Qg6+ 0-1

[Event "Amsterdam Chess Tournament 2005"]
[Site "Amsterdam NED"]
[Date "2005.07.16"]
[Round "1.41"]
[White "Gullaksen, Eirik T"]
[Black "Van der Plas, Rob"]
[Result "1-0"]
[WhiteElo "2382"]
[BlackElo "2209"]
[PlyCount "43"]
[EventDate "2005.07.16"]
[EventType "tourn"]
[EventRounds "9"]
[EventCountry "NED"]
[Source "lmi"]
[SourceDate "2005.07.25"]

1. e4 e6 2. d4 d5 3. Nc3 Bb4 4. e5 c5 5. a3 Bxc3+ 6. bxc3 Ne7 7. Qg4 O-O 8. Bd3
Nbc6 9. Bg5 Qa5 10. Ne2 b6 11. O-O Ba6 12. Rfd1 Rae8 13. Bxa6 Qxa6 14. Rd3 Ng6
15. Rh3 f6 16. exf6 gxf6 17. Bh6 f5 18. Qh5 Rf6 19. Bg5 Rf7 20. Nf4 Nxf4 21.
Bxf4 Qc8 22. Rg3+ 1-0

[Event "Amsterdam Chess Tournament 2005"]
[Site "Amsterdam NED"]
[Date "2005.07.16"]
[Round "1.42"]
[White "Hansen, Kay"]
[Black "Pliester, Leon"]
[Result "1/2-1/2"]
[WhiteElo "2205"]
[BlackElo "2378"]
[PlyCount "137"]
[EventDate "2005.07.16"]
[EventType "tourn"]
[EventRounds "9"]
[EventCountry "NED"]
[Source "lmi"]
[SourceDate "2005.07.25"]

1. d4 d5 2. c4 c6 3. Nc3 Nf6 4. Nf3 dxc4 5. a4 Bf5 6. e3 e6 7. Bxc4 Bb4 8. O-O
Nbd7 9. Bd2 O-O 10. Qe2 Bg6 11. Na2 Bxd2 12. Qxd2 Ne4 13. Qb4 a5 14. Qa3 Bh5
15. Be2 Bxf3 16. gxf3 Nef6 17. Nc3 e5 18. Rad1 exd4 19. Rxd4 Re8 20. Rfd1 Qe7
21. Qd6 Qxd6 22. Rxd6 Nb6 23. b3 Kf8 24. Nb5 Nbd5 25. Nd4 g6 26. e4 Ke7 27.
exd5 Kxd6 28. dxc6 bxc6 29. Nb5+ Kc5 30. Nc7 Rxe2 31. Nxa8 Nd5 32. Rc1+ Kd6 33.
Rd1 Ke6 34. Rc1 Kd6 35. Rd1 Ke7 36. Rc1 Kd7 37. Rc5 Nf4 38. h4 Rb2 39. Rxa5
Rxb3 40. Ra7+ Ke6 41. Nc7+ Ke5 42. a5 Rb1+ 43. Kh2 Rf1 44. Ne8 Rxf2+ 45. Kh1
Ra2 46. Rxf7 Rxa5 47. Re7+ Kd5 48. Nf6+ Kd6 49. Rxh7 Ra3 50. Ne4+ Kd5 51. Rd7+
Ke5 52. Re7+ Kd4 53. Ng5 Re3 54. Rd7+ Nd5 55. Rd6 c5 56. Rxg6 c4 57. Rc6 c3 58.
Kg2 Nb4 59. Rc8 c2 60. h5 Re2+ 61. Kg3 Re1 62. h6 Rg1+ 63. Kh4 Rh1+ 64. Nh3
c1=Q 65. Rxc1 Rxc1 66. h7 Rc8 67. Kg5 Nd3 68. Kh6 Ke3 69. Kg7 1/2-1/2

[Event "Amsterdam Chess Tournament 2005"]
[Site "Amsterdam NED"]
[Date "2005.07.16"]
[Round "1.45"]
[White "Bezemer, Arno"]
[Black "Overeem, Marc"]
[Result "1-0"]
[WhiteElo "2364"]
[BlackElo "2199"]
[PlyCount "83"]
[EventDate "2005.07.16"]
[EventType "tourn"]
[EventRounds "9"]
[EventCountry "NED"]
[Source "lmi"]
[SourceDate "2005.07.25"]

1. e4 c5 2. Nf3 d6 3. d4 cxd4 4. Nxd4 Nf6 5. Nc3 Nc6 6. Bc4 e6 7. Bb3 a6 8. f4
Qc7 9. f5 Nxd4 10. Qxd4 Qc5 11. Qxc5 dxc5 12. e5 Ng4 13. fxe6 fxe6 14. Na4 c4
15. Bxc4 Nxe5 16. Bb3 b5 17. Nb6 Rb8 18. Nxc8 Rxc8 19. a4 b4 20. a5 Bd6 21. O-O
Rf8 22. Ba4+ Nc6 23. Be3 Rxf1+ 24. Rxf1 h6 25. Bd4 e5 26. Bb6 Ke7 27. Bb3 Nb8
28. Re1 Kf6 29. Rd1 Ke7 30. Rd3 Nc6 31. Rg3 g5 32. Rh3 Rh8 33. Bc4 Nd4 34. Re3
Rc8 35. Re4 Kf6 36. g3 Ne6 37. Kf1 Nc5 38. Re2 Ra8 39. Rf2+ Ke7 40. Rf7+ Ke8
41. Rh7 Nd7 42. Bf7+ 1-0

[Event "Amsterdam Chess Tournament 2005"]
[Site "Amsterdam NED"]
[Date "2005.07.16"]
[Round "1.46"]
[White "Odink, Karel"]
[Black "D'Costa, Lorin"]
[Result "0-1"]
[WhiteElo "2198"]
[BlackElo "2352"]
[PlyCount "86"]
[EventDate "2005.07.16"]
[EventType "tourn"]
[EventRounds "9"]
[EventCountry "NED"]
[Source "lmi"]
[SourceDate "2005.07.25"]

1. e4 c5 2. Nf3 e6 3. d4 cxd4 4. Nxd4 a6 5. Bd3 g6 6. Be3 Bg7 7. Nd2 Ne7 8. O-O
O-O 9. c3 d5 10. Qe2 Qc7 11. N4b3 Nbc6 12. a4 dxe4 13. Nxe4 Nd5 14. Bc5 Rd8 15.
Bc2 b6 16. Ba3 a5 17. Rfe1 Ba6 18. Qf3 Rd7 19. Red1 Rad8 20. h4 Ne5 21. Qg3 Nc4
22. Qxc7 Rxc7 23. Nd4 Rcd7 24. Nb5 h6 25. Bb3 Bxb5 26. axb5 Nxa3 27. Rxa3 Nc7
28. Rxd7 Rxd7 29. Bc4 Rd1+ 30. Kh2 Be5+ 31. g3 f5 32. Nc5 bxc5 33. b6 Nd5 34.
Rxa5 Rd2 35. Rb5 Rxf2+ 36. Kg1 Rf3 37. b7 Rxg3+ 38. Kf2 Rh3 39. Rxc5 Rh2+ 40.
Kf3 Rxb2 41. Bb5 g5 42. hxg5 hxg5 43. Rc8+ Kg7 0-1

[Event "Amsterdam Chess Tournament 2005"]
[Site "Amsterdam NED"]
[Date "2005.07.16"]
[Round "1.47"]
[White "Vrenegoor, Taco"]
[Black "Van Oosterom, Chiel"]
[Result "1-0"]
[WhiteElo "2349"]
[BlackElo "2197"]
[PlyCount "49"]
[EventDate "2005.07.16"]
[EventType "tourn"]
[EventRounds "9"]
[EventCountry "NED"]
[Source "lmi"]
[SourceDate "2005.07.25"]

1. e4 c5 2. Nf3 Nc6 3. d4 cxd4 4. Nxd4 Nf6 5. Nc3 e5 6. Ndb5 d6 7. Bg5 a6 8.
Na3 b5 9. Nd5 Be7 10. Bxf6 Bxf6 11. c3 Bb7 12. Nc2 Nb8 13. a4 bxa4 14. Rxa4 Nd7
15. Bc4 O-O 16. Qe2 a5 17. O-O Ra7 18. Rfa1 Bxd5 19. Bxd5 Qb8 20. Nb4 Qb6 21.
Nc6 Nc5 22. Rxa5 Rxa5 23. Rxa5 g6 24. b4 Ne6 25. Ra6 1-0

[Event "Amsterdam Chess Tournament 2005"]
[Site "Amsterdam NED"]
[Date "2005.07.16"]
[Round "1.49"]
[White "Martyn, Rafe"]
[Black "De Saegher, Chris"]
[Result "1/2-1/2"]
[WhiteElo "2340"]
[BlackElo "2187"]
[PlyCount "68"]
[EventDate "2005.07.16"]
[EventType "tourn"]
[EventRounds "9"]
[EventCountry "NED"]
[Source "lmi"]
[SourceDate "2005.07.25"]

1. d4 Nf6 2. c4 g6 3. Nf3 Bg7 4. Nc3 O-O 5. Bg5 d6 6. e3 h6 7. Bh4 c5 8. Be2
cxd4 9. Nxd4 Nc6 10. O-O Bd7 11. Rc1 Rc8 12. Qb3 Na5 13. Qb4 g5 14. Bg3 Ng4 15.
Nd5 Nc6 16. Qd2 Nf6 17. Nxf6+ Bxf6 18. Nb5 Be6 19. Nc3 Qa5 20. b3 a6 21. Rfd1
Bg7 22. Bf3 b5 23. Bxc6 Rxc6 24. Nd5 Qd8 25. cxb5 Rxc1 26. Rxc1 axb5 27. h4
Bxd5 28. Qxd5 Qa8 29. Qxb5 Qxa2 30. hxg5 hxg5 31. Qxg5 Qb2 32. Rc7 Qxb3 33.
Rxe7 Rc8 34. Bxd6 Qd1+ 1/2-1/2

[Event "Amsterdam Chess Tournament 2005"]
[Site "Amsterdam NED"]
[Date "2005.07.16"]
[Round "1.50"]
[White "Bachofner, Andreas"]
[Black "Purnama, Tirta Chandra"]
[Result "0-1"]
[WhiteElo "2177"]
[BlackElo "2337"]
[PlyCount "116"]
[EventDate "2005.07.16"]
[EventType "tourn"]
[EventRounds "9"]
[EventCountry "NED"]
[Source "lmi"]
[SourceDate "2005.07.25"]

1. e4 c5 2. Nc3 d6 3. f4 Nf6 4. Nf3 g6 5. Bc4 Bg7 6. O-O O-O 7. d3 Nc6 8. Qe1
e6 9. a3 Nd4 10. Nxd4 cxd4 11. Nd1 d5 12. Bb3 dxe4 13. dxe4 Bd7 14. e5 Ng4 15.
Nf2 Nh6 16. Ne4 Nf5 17. g4 Nh6 18. Qg3 Kh8 19. Bd2 a5 20. Rf2 Bc6 21. Ng5 Bd5
22. Qh3 Bxb3 23. cxb3 Ra6 24. Raf1 Kg8 25. Ne4 Qc7 26. Nf6+ Kh8 27. f5 Bxf6 28.
Bxh6 Bg7 29. f6 Bxh6 30. Qxh6 Rg8 31. Rf3 g5 32. Rh3 Qc2 33. Qh5 Rb6 34. Qxf7
Rxb3 35. Rxb3 Qxb3 36. Qe7 Qe3+ 37. Rf2 Qe1+ 38. Kg2 Qe4+ 39. Kf1 d3 40. Kg1 d2
41. Rxd2 Qe1+ 42. Kg2 Qxd2+ 43. Kf3 Qf4+ 44. Kg2 Qxg4+ 45. Kf2 Qd4+ 46. Kf1
Qd3+ 47. Kf2 Qd2+ 48. Kg3 Qf4+ 49. Kg2 Qe4+ 50. Kf2 Qc2+ 51. Ke3 Qb3+ 52. Ke2
Qxb2+ 53. Kf1 Qb5+ 54. Kf2 b6 55. Kg2 Qe2+ 56. Kg1 Qxe5 57. Kg2 Qd5+ 58. Kf1
Qd8 0-1

[Event "Amsterdam Chess Tournament 2005"]
[Site "Amsterdam NED"]
[Date "2005.07.17"]
[Round "2.2"]
[White "Sokolov, Ivan"]
[Black "Al Sayed, Mohamad N"]
[Result "1-0"]
[WhiteElo "2691"]
[BlackElo "2478"]
[PlyCount "113"]
[EventDate "2005.07.16"]
[EventType "tourn"]
[EventRounds "9"]
[EventCountry "NED"]
[Source "lmi"]
[SourceDate "2005.07.25"]

1. d4 d5 2. c4 c6 3. Nc3 Nf6 4. Nf3 e6 5. Bg5 h6 6. Bxf6 Qxf6 7. e3 Nd7 8. a3
Be7 9. Bd3 O-O 10. O-O dxc4 11. Bxc4 e5 12. Ne4 Qg6 13. Ng3 exd4 14. exd4 Nb6
15. Ne5 Qd6 16. Bb3 Be6 17. Bc2 Rad8 18. Qd3 f5 19. Rfe1 Bc8 20. Bb3+ Nd5 21.
Nh5 Bg5 22. Rad1 Kh7 23. Ng3 g6 24. Qf3 Qf6 25. Ne2 Be6 26. Bc2 Rfe8 27. Nc3
Kg7 28. g3 h5 29. h4 Bh6 30. Nxd5 Bxd5 31. Qc3 Kh7 32. Re2 Re6 33. Rde1 Red6
34. Qa5 a6 35. Qb6 Qg7 36. Nd3 c5 37. Qxc5 Be4 38. Ne5 Rd5 39. Qc3 Rxd4 40.
Bxe4 fxe4 41. Rxe4 Bd2 42. Qxd4 Rxd4 43. Rxd4 Bxe1 44. Rd7 Bd2 45. Rxg7+ Kxg7
46. Kf1 Kf6 47. Ke2 Bc1 48. Nd3 Bh6 49. a4 b5 50. a5 Bf8 51. Ke3 Ke6 52. Ke4
Be7 53. b4 Bf6 54. Nc5+ Kd6 55. Kd3 Kd5 56. Nxa6 Be7 57. Nc5 1-0

[Event "Amsterdam Chess Tournament 2005"]
[Site "Amsterdam NED"]
[Date "2005.07.17"]
[Round "2.4"]
[White "Avrukh, Boris"]
[Black "Jonkman, Harmen"]
[Result "1/2-1/2"]
[WhiteElo "2652"]
[BlackElo "2454"]
[PlyCount "133"]
[EventDate "2005.07.16"]
[EventType "tourn"]
[EventRounds "9"]
[EventCountry "NED"]
[Source "lmi"]
[SourceDate "2005.07.25"]

1. c4 e6 2. d4 d5 3. Nc3 c6 4. Nf3 Nf6 5. Bg5 Be7 6. e3 h6 7. Bf4 Nbd7 8. h3
O-O 9. Qc2 b6 10. Rd1 Bb7 11. Be2 dxc4 12. Bxc4 b5 13. Bd3 a6 14. O-O c5 15.
dxc5 Bxc5 16. Ne4 Nxe4 17. Bxe4 Bxe4 18. Qxe4 Nf6 19. Qc2 Qb6 20. Rc1 Bd6 21.
Bxd6 Qxd6 22. Rfd1 Qb6 23. Nd4 Rfd8 24. Nc6 Rxd1+ 25. Qxd1 Nd5 26. e4 Nf6 27.
Qd3 Kh8 28. Ne5 Kg8 29. Nc6 Kh8 30. Rc3 Rc8 31. Qc2 Rc7 32. g3 Nd7 33. Kg2 Nb8
34. Ne5 Rxc3 35. Qxc3 Qb7 36. f3 Kg8 37. h4 f6 38. Ng6 Kf7 39. h5 Nc6 40. Qc5
Ne7 41. Nxe7 Qxe7 42. Qb6 Qb4 43. Qb7+ Kf8 44. Qc8+ Kf7 45. Qd7+ Kf8 46. Qxe6
Qxb2+ 47. Kh3 Qc3 48. Qd6+ Kf7 49. Qd5+ Kf8 50. Qa8+ Kf7 51. Qb7+ Kf8 52. Qb8+
Kf7 53. Kg4 Qc6 54. Qa7+ Kg8 55. Qe7 Qc8+ 56. Kh4 a5 57. Qd6 Kh7 58. Qb6 Qc4
59. Qxa5 f5 60. Qa8 Qc1 61. exf5 Qg5+ 62. Kh3 Qxh5+ 63. Kg2 Qxf5 64. g4 Qe5 65.
Qc6 Qe2+ 66. Kg3 Qxa2 67. Qxb5 1/2-1/2

[Event "Amsterdam Chess Tournament 2005"]
[Site "Amsterdam NED"]
[Date "2005.07.17"]
[Round "2.5"]
[White "Ernst, Sipke"]
[Black "Eljanov, Pavel"]
[Result "1/2-1/2"]
[WhiteElo "2457"]
[BlackElo "2639"]
[PlyCount "131"]
[EventDate "2005.07.16"]
[EventType "tourn"]
[EventRounds "9"]
[EventCountry "NED"]
[Source "lmi"]
[SourceDate "2005.07.25"]

1. d4 Nf6 2. c4 g6 3. Nc3 d5 4. cxd5 Nxd5 5. Bd2 Bg7 6. e4 Nb6 7. Be3 O-O 8. h3
e5 9. Nf3 exd4 10. Nxd4 N8d7 11. Qc2 Ne5 12. b3 Qe7 13. Rd1 c5 14. Ndb5 Nc6 15.
Nb1 Nd7 16. Be2 Rb8 17. O-O a6 18. N5c3 Nd4 19. Nd5 Qh4 20. Bxd4 Bxd4 21. Rxd4
cxd4 22. Qd3 Re8 23. Nd2 b5 24. Bg4 Ne5 25. Qxd4 Bb7 26. f4 Nxg4 27. hxg4 Bxd5
28. exd5 Qe7 29. Nf3 Qe4 30. Qd2 Qe2 31. Qd4 Qe3+ 32. Qxe3 Rxe3 33. Ne5 Rd8 34.
g5 Re2 35. Rd1 Rd6 36. Ng4 Rxa2 37. Nf6+ Kf8 38. Re1 Rd8 39. Nxh7+ Kg7 40. Nf6
Rb2 41. Re3 Rd2 42. d6 a5 43. d7 a4 44. bxa4 bxa4 45. Rh3 R2xd7 46. Rh7+ Kf8
47. Nxd7+ Rxd7 48. Rh8+ Ke7 49. Ra8 Rd4 50. g3 Kd6 51. Kf2 Kc5 52. Ke3 Rb4 53.
Kd3 Kd5 54. Ra5+ Ke6 55. Re5+ Kd6 56. Ra5 Rb3+ 57. Kc4 Ra3 58. Ra6+ Ke7 59. Kb4
Ra1 60. Ra7+ Ke6 61. Ra6+ Kf5 62. Rf6+ Kg4 63. Rxf7 Rg1 64. Rf6 Rxg3 65. Rxg6
Kxf4 66. Ra6 1/2-1/2

[Event "Amsterdam Chess Tournament 2005"]
[Site "Amsterdam NED"]
[Date "2005.07.17"]
[Round "2.11"]
[White "D'Costa, Lorin"]
[Black "Khuzman, Alexander"]
[Result "1/2-1/2"]
[WhiteElo "2352"]
[BlackElo "2577"]
[PlyCount "78"]
[EventDate "2005.07.16"]
[EventType "tourn"]
[EventRounds "9"]
[EventCountry "NED"]
[Source "lmi"]
[SourceDate "2005.07.25"]

1. e4 c5 2. Nf3 d6 3. d4 cxd4 4. Nxd4 Nf6 5. Nc3 a6 6. Be2 e5 7. Nb3 Be7 8. Bg5
Be6 9. Bxf6 Bxf6 10. Nd5 Nd7 11. O-O O-O 12. c3 Bg5 13. Qd3 Nb6 14. Na5 Nxd5
15. exd5 Bd7 16. b4 Qb6 17. Rab1 g6 18. Rb2 Rfe8 19. c4 Rac8 20. Qa3 e4 21. Rc2
Be7 22. Rfc1 Bg5 23. Rf1 Bd8 24. Nb3 e3 25. f3 Bf5 26. Rcc1 Bf6 27. c5 Qc7 28.
c6 Rb8 29. Na5 b5 30. Nb3 Qa7 31. Rfd1 h5 32. Qa5 Rec8 33. Nc5 dxc5 34. Rxc5
Rb6 35. Qa3 Qb8 36. Qxe3 Qd6 37. g4 Be5 38. gxf5 Bxh2+ 39. Kh1 Bf4 1/2-1/2

[Event "Amsterdam Chess Tournament 2005"]
[Site "Amsterdam NED"]
[Date "2005.07.17"]
[Round "2.12"]
[White "Al Modiahki, Mohamad"]
[Black "Vrenegoor, Taco"]
[Result "1-0"]
[WhiteElo "2570"]
[BlackElo "2349"]
[PlyCount "80"]
[EventDate "2005.07.16"]
[EventType "tourn"]
[EventRounds "9"]
[EventCountry "NED"]
[Source "lmi"]
[SourceDate "2005.07.25"]

1. e4 c5 2. Nf3 d6 3. d4 cxd4 4. Nxd4 Nf6 5. Nc3 a6 6. Be3 e5 7. Nb3 Be6 8. f3
Nbd7 9. g4 Be7 10. Qd2 O-O 11. g5 Nh5 12. O-O-O Rc8 13. Kb1 Qc7 14. Rg1 Nb6 15.
h4 g6 16. Qf2 Bd8 17. Rg2 Bh3 18. Rh2 Bxf1 19. Qxf1 Nc4 20. Bc1 f6 21. Qh3 f5
22. Nd5 Qf7 23. f4 Rc6 24. exf5 Qxf5 25. Qxf5 gxf5 26. Re2 Ng3 27. Rg2 Ne4 28.
h5 Kg7 29. Nb4 Rc7 30. Nd5 Rc6 31. Ne3 exf4 32. Nxc4 Rxc4 33. Bxf4 Nc3+ 34.
bxc3 Rxf4 35. Rxd6 Rg4 36. Rxg4 fxg4 37. Nd4 g3 38. Ne6+ Kg8 39. Nxf8 g2 40.
Rd1 Bb6 1-0

[Event "Amsterdam Chess Tournament 2005"]
[Site "Amsterdam NED"]
[Date "2005.07.17"]
[Round "2.13"]
[White "Ivanov, Jordan Mitev"]
[Black "Rogers, Ian"]
[Result "1/2-1/2"]
[WhiteElo "2347"]
[BlackElo "2569"]
[PlyCount "83"]
[EventDate "2005.07.16"]
[EventType "tourn"]
[EventRounds "9"]
[EventCountry "NED"]
[Source "lmi"]
[SourceDate "2005.07.25"]

1. d4 g6 2. e4 Bg7 3. Nc3 c6 4. Nf3 d5 5. h3 Nh6 6. Bd3 O-O 7. O-O f6 8. Be3
Nf7 9. Qd2 Kh8 10. Rad1 e5 11. Qc1 f5 12. dxe5 fxe4 13. Bxe4 Nxe5 14. Bh6 Nbd7
15. Bxg7+ Kxg7 16. Nxe5 Nxe5 17. f4 Nc4 18. b3 Nd6 19. Bd3 Qf6 20. Ne2 Bf5 21.
g4 Be4 22. Ng3 Rae8 23. Kh2 Kg8 24. Rde1 Bxd3 25. cxd3 Qd4 26. Rf3 Rxe1 27.
Qxe1 Re8 28. Qf1 Qc3 29. Qf2 a5 30. f5 Qe5 31. d4 Qe1 32. fxg6 Qxf2+ 33. Rxf2
hxg6 34. Rf6 Ne4 35. Nxe4 Kg7 36. Rf7+ Kxf7 37. Nd6+ Ke7 38. Nxe8 Kxe8 39. h4
b6 40. Kg3 Kf7 41. Kf4 Kf6 42. Ke3 1/2-1/2

[Event "Amsterdam Chess Tournament 2005"]
[Site "Amsterdam NED"]
[Date "2005.07.17"]
[Round "2.14"]
[White "Smeets, Jan"]
[Black "Hartoch, Robert"]
[Result "1-0"]
[WhiteElo "2537"]
[BlackElo "2272"]
[PlyCount "59"]
[EventDate "2005.07.16"]
[EventType "tourn"]
[EventRounds "9"]
[EventCountry "NED"]
[Source "lmi"]
[SourceDate "2005.07.25"]

1. e4 g6 2. d4 Bg7 3. Nc3 c6 4. Nf3 d6 5. Be3 Nd7 6. Qd2 b5 7. Bd3 Bb7 8. O-O
Qc7 9. Ne2 Ngf6 10. a4 O-O 11. axb5 cxb5 12. Ng3 d5 13. e5 Ne4 14. Qb4 Nb6 15.
Qxb5 Rfc8 16. b3 e6 17. Qa5 Bf8 18. Rfc1 Qc3 19. Bxe4 Qxa5 20. Rxa5 dxe4 21.
Ng5 Bb4 22. Ra2 Nd5 23. c4 Nc3 24. Rac2 h6 25. Nh3 a5 26. Bd2 Nd5 27. Nxe4 Bxd2
28. Rxd2 Ba6 29. Nd6 Rc6 30. Ra1 1-0

[Event "Amsterdam Chess Tournament 2005"]
[Site "Amsterdam NED"]
[Date "2005.07.17"]
[Round "2.15"]
[White "Purnama, Tirta Chandra"]
[Black "Stellwagen, Daniel"]
[Result "0-1"]
[WhiteElo "2337"]
[BlackElo "2533"]
[PlyCount "74"]
[EventDate "2005.07.16"]
[EventType "tourn"]
[EventRounds "9"]
[EventCountry "NED"]
[Source "lmi"]
[SourceDate "2005.07.25"]

1. d4 Nf6 2. c4 g6 3. Nc3 Bg7 4. Nf3 O-O 5. g3 d6 6. Bg2 Nbd7 7. O-O e5 8. h3
a6 9. Qc2 c6 10. Rd1 Qe7 11. dxe5 dxe5 12. a4 a5 13. e4 Nc5 14. Be3 Nfd7 15.
Re1 Ne6 16. Rad1 b6 17. Qd2 Ndc5 18. Qd6 Qxd6 19. Rxd6 Bb7 20. Red1 Rfe8 21.
R6d2 Ba6 22. Bf1 Nb3 23. Rd6 Nbd4 24. Bxd4 exd4 25. Ne2 Rad8 26. Rxc6 Bb7 27.
Rxb6 Bxe4 28. Bg2 Bc2 29. Rd2 d3 30. Nc3 Nc5 31. Nd5 Ne4 32. Bf1 Nxd2 33. Nxd2
Re1 34. Nf3 Rb1 35. Ne7+ Kf8 36. Nc6 Re8 37. b3 Bc3 0-1